| 000 | 00475nam a2200181Ia 4500 | ||
|---|---|---|---|
| 008 | 240925s9999 xx 000 0 und d | ||
| 020 | _aNA | ||
| 082 | _a815.15 ABA | ||
| 100 | _aAbasi, Muhammad sarwar | ||
| 245 | 0 | _aKashmere muslmano ke Jedojehd azadee | |
| 250 | _aNA | ||
| 260 |
_aPakistan: _bInstitute of Kashmir Student Municipal _c,1980. |
||
| 300 |
_a0 _bNA _fNA |
||
| 500 | _aNA | ||
| 600 | _aHumanities & Natural Science | ||
| 650 | _aLiterature | ||
| 942 | _cBK | ||
| 999 |
_c6926 _d6926 |
||